| 000 | 04059nam a22003977a 4500 | ||
|---|---|---|---|
| 005 | 20110509151211.0 | ||
| 010 | _aB-437868-880 | ||
| 020 |
_a9788126318483 _c650.00 |
||
| 035 | _aB-437868-880 | ||
| 037 | _bAllied Pub. | ||
| 082 | _aउ | ||
| 100 |
_aजायसवाल, चन्द्रकिशोर _929119 |
||
| 245 |
_aसात फेरे / _cचन्द्रकिशोर जायसवाल |
||
| 246 |
_aSaat phere _bby Chandra Kishore Jayaswal |
||
| 260 |
_aनई दिल्ली _bभारतीय ज्ञानपीठ _c2009 |
||
| 270 |
_a18, इन्स्टीटयूशनल एरिया, लोदी रोड _bनई दिल्ली _e110003 |
||
| 300 |
_a829पृ. _c22सेमी (सजिल्द) |
||
| 490 |
_aलोकोदय ग्रन्थमालाःग्रन्थांक 1115; रवीन्द्र कालिया द्वारा संपादित _929120 |
||
| 650 |
_aहिन्दी कथा साहित्य _9657 |
||
| 700 |
_aकालिया, रवीन्द्र _922979 |
||
| 942 |
_2ddc _cHN _mजायस _hउ |
||
| 999 |
_c52236 _d52236 |
||